ბათუმის შოთა რუსთაველის სახელმწიფო უნივერსიტეტის ბიბლიოთეკა

ჩანაწერი Personal Name

ჩანაწერთა რაოდენობა, რომელიც გამოყენებულია: 1

001 - CONTROL NUMBER

  • control field: 10269

003 - CONTROL NUMBER IDENTIFIER

  • control field: GE_BSU

005 - DATE AND TIME OF LATEST TRANSACTION

  • control field: 20210228223005.0

008 - FIXED-LENGTH DATA ELEMENTS

  • fixed length control field: 210228|| aca||aabn | a|a d

040 ## - CATALOGING SOURCE

  • Original cataloging agency: GE_BSU
  • Transcribing agency: GE_BSU

100 ## - HEADING--PERSONAL NAME

  • Personal name: გულედანი, ციცინო
  • Relator term: რედაქტორი

670 ## - SOURCE DATA FOUND

  • Source citation: Work cat.: (GE_BSU)53617: გაბიძაშვილი, ენრიკო 5678, თებერვლის თვის ჰაგიოგრაფიულ-ჰომილეტიკურ საკითხავთა უნიკალური კრებული (ქუთ. I-ის I ნახ., XVI ს.) :